La sociología científica: teoría y método
Salvato in:
| Autore principale: | |
|---|---|
| Natura: | Libro |
| Lingua: | spagnolo |
| Pubblicazione: |
Buenos Aires
Amorrortu
1977
|
| Serie: | Biblioteca de Sociología
|
| Soggetti: | |
| Tags: |
Aggiungi Tag
Nessun Tag, puoi essere il primo ad aggiungerne!!
|
MARC
| LEADER | 00000nam a2200000 a 4500 | ||
|---|---|---|---|
| 001 | UCW3779 | ||
| 003 | CL-VaPUC | ||
| 008 | 890309e19770000AG |||||||||||||||||spa|d | ||
| 082 | 0 | 4 | |a 301 |b WIL |2 21 |
| 100 | 0 | |a Willer, David |e author |9 308159 | |
| 245 | 1 | 3 | |a La sociología científica: teoría y método |
| 300 | |a 196 p | ||
| 942 | |c BK | ||
| 945 | |d 19890309 00:00:00 | ||
| 260 | |a Buenos Aires |b Amorrortu |c 1977 | ||
| 650 | 0 | |a Sociología |9 255410 | |
| 583 | |a last modification |c 19890309 00:00:00 |k Rodrigo Vera | ||
| 490 | 0 | |a Biblioteca de Sociología | |
| 999 | |c 217672 |d 217670 | ||
| 952 | |0 0 |1 0 |4 0 |6 301_000000000000000_WIL_1977 |7 0 |8 P |9 205677 |a BIBEDU |b BIBEDU |c BIBEDU_PB |d 2019-11-15 |i 2736535 |o 301 WIL 1977 |p 2736535 |r 2024-01-25 |w 2019-11-15 |y BK |k EDU | ||
| 952 | |0 0 |1 0 |4 0 |6 301_000000000000000_WIL_1977 |7 0 |8 P |9 205678 |a BIBEDU |b BIBEDU |c BIBEDU_PB |d 2019-11-15 |i 1517058 |o 301 WIL 1977 |p 1517058 |r 2024-01-25 |w 2019-11-15 |y BK |k EDU | ||
| 952 | |0 0 |1 0 |4 0 |6 301_000000000000000_WIL_1977 |7 0 |8 A |9 205679 |a BIBCUR |b BIBCUR |d 2019-11-15 |i 3212629 |o 301 WIL 1977 |p 3212629 |r 2025-04-22 |w 2019-11-15 |y BK |k PER | ||